[Event "AUTO-OPEN-2468"]
[Site "http://www.queenalice.com/game.php?id=981573"]
[Date "2011.9.5"]
[Round "1"]
[White "Patrick_Vieira"]
[Black "MaxKpo"]
[Result "1-0"]
[WhiteElo "2588"]
[BlackElo "1842"]

1. d4 d5 2. Nf3 h6 3. c4 e6 4. Nc3 Bb4 5. e3 Bxc3+ 6. bxc3 Nc6 7. Bd3 Qf6 8. e4
Nge7 9. e5 Qf5 10. Bxf5 Nxf5 11. cxd5 exd5 12. Ba3 Bd7 13. Qb3 b6 14. Qxd5 O-O-O
15. Qxf7 Rhe8 16. O-O g5 17. Rfe1 Be6 18. Qg6 Ncxd4 19. Nxd4 Nxd4 20. cxd4 a5
21. Bd6 cxd6 22. exd6 Kd7 23. Rac1 Kxd6 24. d5 Kxd5 25. Qd3# 1-0

[Event "AUTO-OPEN-2503"]
[Site "http://www.queenalice.com/game.php?id=993649"]
[Date "2011.10.5"]
[Round "1"]
[White "MaxKpo"]
[Black "tango2011"]
[Result "1-0"]
[WhiteElo "1883"]
[BlackElo "1275"]

1. d4 d5 2. Bf4 Nc6 3. e3 e6 4. Bb5 Bd7 5. a3 Be7 6. Nc3 a6 7. Ba4 h6 8. Qg4 Bf6
9. Qg3 Nge7 10. Bxc7 Qc8 11. Bb6 Nf5 12. Qg4 Nd6 13. O-O-O O-O 14. Nf3 1-0

[Event "AUTO-OPEN-2503"]
[Site "http://www.queenalice.com/game.php?id=993650"]
[Date "2011.10.5"]
[Round "1"]
[White "tango2011"]
[Black "MaxKpo"]
[Result "0-1"]
[WhiteElo "1275"]
[BlackElo "1883"]

1. d4 d5 2. e3 Bf5 3. Bd3 Bxd3 4. Qxd3 a6 5. Nf3 e6 6. O-O Bd6 7. b3 Nf6 8. Ne5
O-O 9. Ba3 Bxa3 10. Nxa3 Qd6 11. c4 Qxa3 12. c5 Qa5 13. Rfc1 c6 14. a3 b5 0-1

[Event "AUTO-OPEN-2603"]
[Site "http://www.queenalice.com/game.php?id=1027216"]
[Date "2012.2.7"]
[Round "1"]
[White "jepoy100"]
[Black "MaxKpo"]
[Result "1-0"]
[WhiteElo "2011"]
[BlackElo "2054"]

1. e4 e5 2. Bc4 Nf6 3. Nc3 Nc6 4. Nf3 Bb4 5. O-O Bxc3 6. bxc3 d6 7. h3 Nxe4 8.
Qe2 d5 9. Bb3 O-O 10. Bb2 Bf5 11. d3 Nf6 12. Nh4 Bd7 13. f4 Re8 14. fxe5 Nxe5
15. Qf2 c6 16. Rae1 Qc7 17. Nf5 c5 18. a3 Bxf5 19. Qxf5 c4 20. Ba2 b5 21. Qg5
Re6 22. Bc1 1-0

[Event "AUTO-OPEN-2603"]
[Site "http://www.queenalice.com/game.php?id=1027217"]
[Date "2012.2.7"]
[Round "1"]
[White "MaxKpo"]
[Black "jepoy100"]
[Result "0-1"]
[WhiteElo "2036"]
[BlackElo "2029"]

1. e4 c5 2. Bc4 Nc6 3. d3 d6 4. Be3 Nf6 5. h3 e6 6. Qf3 Be7 7. Bb5 Bd7 8. Ne2 a6
9. Ba4 b5 10. Bb3 O-O 11. O-O Rc8 12. c3 Ne5 13. Qg3 Nxd3 14. Bh6 Ne8 15. Bxg7
Nxg7 16. Qxd3 c4 17. Bxc4 bxc4 18. Qg3 Bh4 19. Qxd6 Rc6 20. Qf4 Bg5 21. Qf3 f5
0-1

[Event "AUTO-OPEN-2603"]
[Site "http://www.queenalice.com/game.php?id=1027248"]
[Date "2012.2.7"]
[Round "1"]
[White "MaxKpo"]
[Black "RenatoAraujo"]
[Result "0-1"]
[WhiteElo "2077"]
[BlackElo "2176"]

1. e4 c5 2. Bc4 d6 3. d3 Nf6 4. Qf3 Nc6 5. Bg5 Ne5 6. Qf4 Nxc4 7. Bxf6 gxf6 8.
dxc4 Qb6 9. b3 Qa5+ 10. c3 Bg7 11. Ne2 Bd7 12. Nd2 O-O-O 13. O-O Rdg8 14. Rfb1
f5 15. b4 cxb4 16. Rxb4 Be5 17. Qf3 fxe4 18. Nxe4 Bg4 19. Qe3 f5 20. Rb5 Qa3 21.
Rb3 Qa6 0-1

[Event "AUTO-OPEN-2603"]
[Site "http://www.queenalice.com/game.php?id=1027249"]
[Date "2012.2.7"]
[Round "1"]
[White "RenatoAraujo"]
[Black "MaxKpo"]
[Result "1-0"]
[WhiteElo "2185"]
[BlackElo "2065"]

1. e4 e5 2. Nf3 d6 3. d4 Qf6 4. Nc3 Bg4 5. Be2 Bxf3 6. Bxf3 exd4 7. Nd5 Qd8 8.
Qxd4 Nc6 9. Qc3 h6 10. Be3 Nge7 11. O-O-O Nxd5 12. exd5 Ne5 13. Be2 Be7 14. f4
Ng6 15. Bb5+ Kf8 16. Rhe1 Bf6 17. Qb3 Kg8 18. Bd3 b6 19. Bxg6 fxg6 20. Qd3 Kh7
21. g3 Re8 22. h4 1-0